The mu-calculus and the hierarchy problem (Record no. 59807)

MARC details
000 -LEADER
fixed length control field 00491nam a2200181Ia 4500
008 - FIXED-LENGTH DATA ELEMENTS--GENERAL INFORMATION
fixed length control field 191130s1997##################000#0#eng##
020 ## - INTERNATIONAL STANDARD BOOK NUMBER
ISBN 9788876422836
082 ## - DEWEY DECIMAL CLASSIFICATION NUMBER
Classification number 515LEN
100 ## - MAIN ENTRY--AUTHOR NAME
Personal name Lenzi, Giacomo
245 ## - TITLE STATEMENT
Title The mu-calculus and the hierarchy problem
Statement of responsibility, etc Giacomo Lenzi
260 ## - PUBLICATION, DISTRIBUTION, ETC. (IMPRINT)
Place of publication Paris
Name of publisher Edizioni Della Normale
Year of publication 1997
300 ## - PHYSICAL DESCRIPTION
Number of Pages vii, 94 p
650 ## - SUBJECT ADDED ENTRY--TOPICAL TERM
Topical Term Mathematics
991 ## -
-- 175423
Holdings
Withdrawn status Lost status Damaged status Not for loan Home library Current library Shelving location Date acquired Full call number Accession Number Price effective from Koha item type
        Anna Centenary Library Anna Centenary Library 5TH FLOOR, A WING 09.10.2020 515 LEN 302156 09.10.2020 English Books

Find us on the map